| 000 | 00399nam a2200145Ia 4500 | ||
|---|---|---|---|
| 008 | 230917s9999||||xx |||||||||||||| ||und|| | ||
| 040 |
_e35704 _aMAIN |
||
| 041 | _aEnglish | ||
| 082 | _a417.0954 V59P | ||
| 100 | _aVerma, Thakur Prasad | ||
| 245 | 0 | _aPalaeography of brahmi script: in North India from C236 BC- C200AD | |
| 260 |
_aVaranasi _bSiddharth _c1971 |
||
| 300 | _ax, 137 p. | ||
| 942 | _cBK | ||
| 999 |
_c183820 _d183820 |
||